Očekávané trendy outsourcingu v bankovnictví
Využívanie outsourcingu v bankovníctve. Kritéria a regulácie outsourcingu v bankovníctve. Zodpovednosť banky pretrváva . Zmeny vo vzťahu medzi zadávateľom a poskytovateľom.
Salvato in:
| Autore principale: | |
|---|---|
| Natura: | Capitolo di libro |
| Lingua: | ceco |
| Soggetti: | |
| Tags: |
Nessun Tag, puoi essere il primo ad aggiungerne!!
|
MARC
| LEADER | 00000naa$a2200000$$$4500 | ||
|---|---|---|---|
| 001 | 0088942 | ||
| 005 | 20231010095400.9 | ||
| 041 | 0 | |a cze | |
| 044 | |a CZ | ||
| 245 | 1 | 0 | |a Očekávané trendy outsourcingu v bankovnictví |c Tomáš Dlouhý |
| 520 | |a Využívanie outsourcingu v bankovníctve. Kritéria a regulácie outsourcingu v bankovníctve. Zodpovednosť banky pretrváva . Zmeny vo vzťahu medzi zadávateľom a poskytovateľom. | ||
| 610 | 2 | 0 | |a bankovníctvo |
| 610 | 2 | 0 | |a outsourcing |
| 610 | 2 | 0 | |a zodpovednosť |
| 610 | 2 | 0 | |a úspory |
| 610 | 2 | 0 | |a náklady |
| 100 | 1 | |a Dlouhý, Tomáš | |